2024 NBA All-Stars - Statistics

General Stats
  • This quiz has been taken 43 times
  • The average score is 17 of 26
Answer Stats
Hint Answer % Correct
Lakers Lebron James
85%
Bucks Damian Lillard
82%
Celtics Jayson Tatum
82%
Pacers Tyrese Haliburton
79%
Heat Bam Adebayo
76%
Mavericks Luka Doncic
76%
76ers Joel Embiid
73%
Timberwolves Anthony Edwards
70%
Cavaliers Donovan Mitchell
70%
Celtics Jaylen Brown
70%
Timberwolves Karl Anthony-Towns
70%
Warriors Stephen Curry
70%
Hawks Trae Young
70%
Lakers Anthony Davis
67%
Knicks Jalen Brunson
67%
Clippers Kawhi Leonard
67%
Nuggets Nikola Jokic
67%
Clippers Paul George
67%
76ers Tyrese Maxey
67%
Suns Devin Booker
64%
Suns Kevin Durant
64%
Raptors Scottie Barnes
64%
OKC Shai Gilgeous-Alexander
64%
Knicks Julius Randle
58%
Bucks Giannis Antetokoumpo
12%
Magic Paulo Banchero
9%
No matching quizzes found
Score Distribution
Percent of People with Each Score
Percentile by Number Answered
Your Score History
You have not taken this quiz